A biblioteca dos amantes de livros (Registo nº 199401)

Detalhes MARC
000 -Etiqueta do registo
Valores 01627nam 22002413 4500
010 ## - Número ISBN
ISBN 978-989-583-541-6
021 ## - Número do Depósito Legal
Código do país Portugal
Número 542277/25
100 ## - Dados gerais de processamento
Dados gerais 20251204d u||y0pory50 ba
200 ## - Titulo e menção de responsabilidade
Título próprio A biblioteca dos amantes de livros
Primeira menção de responsabilidade Madeline Martin
Outras menções de responsabilidade tradução Dinis Pires
205 ## - Menção da edição
Edição
210 ## - Publicação
Local de publicação Lisboa
Nome do editor Topseller
Data de publicação 2025
215 ## - Descrição física 
Paginação / Volumes 383 p.
Outras indicações físicas brochado
Dimensões 23 cm
300 ## - Notas gerais 
Texto da nota .- Romance Histórico
330 ## - Sumário ou Resumo
Texto da nota Inglaterra, 1939.<br/>Tendo perdido o marido recentemente, Emma Taylor procura um emprego que a sustente e à filha, Olivia. Na cidade de Nottingham onde vivem, contudo, estão em vigor múltiplas restrições que impedem mães viúvas de serem contratadas por qualquer estabelecimento. Assim, só lhe resta uma opção: persuadir a diretora da biblioteca da Boots a dar-lhe trabalho.<br/><br/>Quando a guerra ameaça atingir Inglaterra, Olivia tem de ser deslocada para o campo, tal como milhares de crianças. Vendo-se obrigada a separar-se da filha, Emma procura consolo nas amizades improváveis que estabelece com os seus vizinhos e colegas, bem como na missão de recomendar livros aos peculiares clientes da biblioteca.<br/><br/>Com o Blitz a intensificar-se em Nottingham, e fazendo tudo ao seu alcance para se reunir com a filha, resta a Emma tentar apoiar-se na sua comunidade e na esperança que a literatura transmite mesmo nos tempos mais sombrios.
606 ## - Nome comum usado como assunto
ID Autoridade 16
Palavra de ordem Literatura Americana
675 ## - CDU
Notação 821.111(73)-3"20"
Edição PT
Língua por
700 ## - Autor principal (pessoa individual)
ID Autoridade 15272
Apelido Martin
Nome Madeline
Datas 1980-
702 ## - Autor secundário (pessoa individual)
ID Autoridade 15273
Apelido Pires
Nome Dinis
801 ## - Fonte de origem
País PT
Agência BMMN
Regras de catalogação RPC
830 ## - Notas gerais do catalogador
Criado por Ana
Indexado por Ana
990 ## - Elementos KOHA
Tipo de documento Livro
Exemplares
Situação do levantamento Biblioteca de origem Código de barras Cota Permissão de empréstimo Tipo de documento Forma de aquisição
  Biblioteca Municipal de Montemor-o-Novo 28256 821.111(73)-3 MAR|LG   Livro Compra

Powered by Koha